<?xml version="1.0" encoding="UTF-8"?>
<collection xmlns="http://www.loc.gov/MARC21/slim">
 <record>
  <leader>00734pamaa2200181   4500</leader>
  <controlfield tag="001">0000014987</controlfield>
  <controlfield tag="005">20060707090000.0</controlfield>
  <datafield tag="020" ind1="0" ind2="0">
   <subfield code="a">0080310826 </subfield>
  </datafield>
  <datafield tag="082" ind1=" " ind2=" ">
   <subfield code="a">428.002854 COM</subfield>
  </datafield>
  <datafield tag="090" ind1="0" ind2="0">
   <subfield code="a">PE1066 </subfield>
   <subfield code="b">COM 1985</subfield>
  </datafield>
  <datafield tag="245" ind1="0" ind2="0">
   <subfield code="a">COMPUTERS in English language teaching : </subfield>
   <subfield code="b">a view from the classroom  </subfield>
   <subfield code="c">edited by Christopher Brumfit, Martin Phillips and Peter Skehan.</subfield>
  </datafield>
  <datafield tag="260" ind1="0" ind2="0">
   <subfield code="a">Oxford: </subfield>
   <subfield code="b">The British Council/Pergamon Press, </subfield>
   <subfield code="c">1985.</subfield>
  </datafield>
  <datafield tag="300" ind1=" " ind2=" ">
   <subfield code="a">xiii, 136p.: </subfield>
   <subfield code="b">25cm.</subfield>
  </datafield>
  <datafield tag="440" ind1="0" ind2="0">
   <subfield code="a">ELT documents: 122</subfield>
  </datafield>
  <datafield tag="650" ind1="0" ind2="0">
   <subfield code="a">English language -- </subfield>
   <subfield code="x">Study and teaching -- </subfield>
   <subfield code="x">Data processing -- </subfield>
   <subfield code="x">Addresses, essays, lectures </subfield>
  </datafield>
  <datafield tag="650" ind1="0" ind2="0">
   <subfield code="a">Computer-assisted instruction -- </subfield>
   <subfield code="x">Addresses, essays, lectures </subfield>
  </datafield>
  <datafield tag="700" ind1="1" ind2="1">
   <subfield code="a">BRUMFIT, </subfield>
   <subfield code="h">Christopher </subfield>
  </datafield>
  <datafield tag="700" ind1="1" ind2="1">
   <subfield code="a">Phillips, </subfield>
   <subfield code="h">Martin </subfield>
  </datafield>
 </record>
</collection>
